书目信息 |
| 题名: |
中国可持续发展总纲
|
|
| 作者: | 路甬祥 总主编 ;朱坦 卷主编 | |
| 分册: | 第10卷 中国环境保护与可持续发展 | |
| 出版信息: | 北京 科学出版社 2007 |
|
| 页数: | 15,365页 | |
| 开本: | 30cm | |
| 丛书名: | ||
| 单 册: | ||
| 中图分类: | X22 | |
| 科图分类: | ||
| 主题词: | 可持续发展--研究--中国 , 环境保护--可持续发展--研究--中国 , 可持续发展 , 环境保护 | |
| 电子资源: | ||
| ISBN: | 978-7-03-017690-5 | |
| 000 | 01201nam0 2200313 450 | |
| 001 | 003423892 | |
| 005 | 20070805150600.84 | |
| 010 | @a978-7-03-017690-5@b精装@dCNY88.00 | |
| 035 | @a003423892 | |
| 100 | @a20070226d2007 em y0chiy0110 ea | |
| 101 | 0 | @achi |
| 102 | @aCN@b110000 | |
| 105 | @aa z 000yy | |
| 106 | @ar | |
| 200 | 1 | @a中国可持续发展总纲@Azhong guo ke chi xu fa zhan zong gang@h第10卷@i中国环境保护与可持续发展@Izhong guo huan jing bao hu yu ke chi xu fa zhan@f路甬祥总主编@Flu yong xiang zong zhu bian@g朱坦[卷]主编@Gzhu tan [ juan ] zhu bian |
| 210 | @a北京@c科学出版社@d2007 | |
| 215 | @a15,365页@c彩照@d30cm | |
| 300 | @a“十一五”国家重点图书出版规划项目 | |
| 304 | @a英文共同题名:The overview of China's sustainable development | |
| 330 | @a本书包括:可持续发展与中国环境管理、可持续发展与中国环境污染治理、可持续发展与中国的国际环境合作三篇内容。 | |
| 606 | 0 | @a可持续发展@x研究@y中国 |
| 606 | 0 | @a环境保护@x可持续发展@x研究@y中国 |
| 606 | 0 | @a可持续发展 |
| 606 | 0 | @a环境保护 |
| 690 | @aX22@v4 | |
| 701 | 0 | @a路甬祥@Alu yong xiang@f(1942~)@4总主编 |
| 702 | 0 | @a朱坦@Azhu tan@f(1943~)@4卷主编 |
| 801 | 0 | @aCN@bNLC@c20070805 |
| 905 | @dX22@e113:10@f1 | |
| 中国可持续发展总纲.第10卷.中国环境保护与可持续发展/路甬祥总主编/朱坦[卷]主编.-北京:科学出版社,2007 |
| 15,365页:彩照;30cm |
| “十一五”国家重点图书出版规划项目 |
| ISBN 978-7-03-017690-5(精装):CNY88.00 |
| 本书包括:可持续发展与中国环境管理、可持续发展与中国环境污染治理、可持续发展与中国的国际环境合作三篇内容。 |
| ● |
| 相关链接 |
|
|
|
|
正题名:中国可持续发展总纲
索取号:X22/113:10
 
预约/预借
| 序号 | 登录号 | 条形码 | 馆藏地/架位号 | 状态 | 备注 |
| 1 | 0852951 | 208529519 | 第二样本阅览室/ [索取号:X22/113:10] | 在馆 |